|
|
|
|
| LEADER |
00000nab a2200000 a 4500 |
| 001 |
vtls000608559 |
| 003 |
SK-MaSNL |
| 005 |
20260319074629.0 |
| 008 |
160401c1996 xo 0 hun |
| 015 |
|
|
|a SNBRB19rr/mm-uuuuu
|
| 035 |
|
|
|a CL0608698
|
| 040 |
|
|
|a SNKBUCL
|b slo
|c SNKBUCL
|e AACR2
|
| 041 |
0 |
|
|a hun
|
| 044 |
|
|
|a xo
|c SK
|
| 080 |
|
|
|a 329.17(437.6=945.11)
|2 1981
|
| 100 |
1 |
|
|a (horváth)
|4 aut
|
| 245 |
1 |
0 |
|a Valamennyi demokratikus erőnek össze kellene fognia
|b Együttélés: Pásztor István parlamenti képviselő az MKDM frakciójába
|c (horváth)
|
| 650 |
0 |
7 |
|a Spolužitie-Együttélés
|2 snkbucl
|9 893821
|
| 651 |
|
7 |
|a 5100
|2 snkbucl
|9 166206
|
| 655 |
|
7 |
|a články z novín a časopisov
|2 snkbucl
|9 267496
|
| 773 |
0 |
|
|t Új szó
|g Roč. 49, č. 283 (4. 12. 1996), s. 2
|
| 850 |
|
|
|a Slovenská národná knižnica v Martine
|a DSG001
|
| 852 |
|
|
|a SNK
|b KIS3GCP
|
| 958 |
|
|
|a HU
|
| 958 |
|
|
|a SK
|
| 958 |
|
|
|a NX
|
| 958 |
|
|
|a RK
|
| 958 |
|
|
|a RBX
|
| 999 |
|
|
|c 1604921
|d 1606851
|